| 000 | 01071cam a2200241 i 4500 | ||
|---|---|---|---|
| 999 |
_c7549 _d7549 |
||
| 003 | OSt | ||
| 005 | 20200313050440.0 | ||
| 008 | 170927s2018 ii ab b 001 0 eng d | ||
| 020 |
_a9789387587304 _q(hardback) |
||
| 040 |
_aDKAGE _beng _erda _cDKAGE _dOCLCF _dDLC |
||
| 082 | 0 | 4 |
_a959.602 _223 _bSAH |
| 100 | 1 |
_aSahai, Sachchidanand, _eauthor. |
|
| 245 | 1 | 0 |
_aHindu temples lost in the forest : _brediscovering the world heritage site of Ishanapura-Sambor Prei Kuk / _cSachchidanand Sahai. |
| 300 |
_axxii, 382 pages : _billustrations (black and white, and colour), 1 map (colour) ; _c29 cm |
||
| 504 | _aIncludes bibliographical references (pages 205-229) and index. | ||
| 650 | 0 |
_aExcavations (Archaeology) _zCambodia _zIshanapura (Extinct city) |
|
| 650 | 0 |
_aHindu temples _zCambodia _zKâmpóng Thun (Province) |
|
| 650 | 0 |
_aLost architecture _zCambodia _zKâmpóng Thun (Province) |
|
| 650 | 0 |
_aWorld Heritage areas _zCambodia _zKâmpóng Thun (Province) |
|
| 651 | 0 | _aIshanapura (Extinct city) | |
| 651 | 0 |
_aKâmpóng Thun (Cambodia : Province) _xAntiquities. |
|
| 942 | _2ddc | ||